000 00453nam a2200181Ia 4500
008 151202s9999||||xx |||||||||||||| ||und||
082 _bPNVM-64640
100 _aDEGLURKAR G. B.
245 _aPORTRAYALOF THE WOMEN.
260 _b"PUB. SCHEME, JAIPUR."
260 _c2004
300 _a208
600 _aDEGLURKAR G. B.
630 _aPORTRAYALOF THE WOMEN.
700 _aDEGLURKAR G. B.
730 _aPORTRAYALOF THE WOMEN.
942 _cBOOK
999 _c1331173
_d1331170